[Event "16th Asian Games Team Women"]
[Site "Guangzhou CHN"]
[Date "2010.11.18"]
[Round "1"]
[White "Lkhamsuren, Uuganbayar"]
[Black "Ju, Wenjun"]
[Result "0-1"]
[BlackTitle "WGM"]
[WhiteElo "2181"]
[BlackElo "2524"]
[WhiteTeam "MGL"]
[BlackTeam "CHN"]
[WhiteFideId "4901347"]
[BlackFideId "8603006"]
[EventDate "2010.11.18"]

1. e4 c5 2. Nf3 e6 3. d4 cxd4 4. Nxd4 a6 5. Nc3 Qc7 6. Bd3 Nf6 7. O-O Nc6 8. Be3
Ne5 9. h3 b5 10. Qe2 Bb7 11. f4 Nc4 12. Ndxb5 axb5 13. Nxb5 Qc6 14. Nd4 Nxe3 15.
Nxc6 Nxf1 16. Kxf1 Bxc6 17. c3 Be7 18. Bc2 O-O 19. a4 Rfb8 20. b4 d5 21. Kg1
dxe4 22. a5 g6 23. Rc1 h5 24. Bb3 Nd5 25. Qc4 Bb7 26. Ba4 e3 27. Bb5 Rc8 28. Qe4
Bxb4 29. c4 Nc3 30. Qxe3 Bc5 0-1

[Event "16th Asian Games Team Women"]
[Site "Guangzhou CHN"]
[Date "2010.11.18"]
[Round "1"]
[White "Zhao, Xue"]
[Black "Tuvshintugs, Batchimeg"]
[Result "1-0"]
[WhiteTitle "GM"]
[BlackTitle "WGM"]
[WhiteElo "2474"]
[BlackElo "2327"]
[WhiteTeam "CHN"]
[BlackTeam "MGL"]
[WhiteFideId "8601283"]
[BlackFideId "4900839"]
[EventDate "2010.11.18"]

1. c4 Nf6 2. g3 e6 3. Bg2 c5 4. Nf3 Nc6 5. O-O Be7 6. d4 cxd4 7. Nxd4 Nxd4 8.
Qxd4 O-O 9. Nc3 d6 10. Rd1 a6 11. Bg5 Qc7 12. Rac1 Rd8 13. b3 Rb8 14. Qa7 Bd7
15. Be3 Rf8 16. h3 Kh8 17. Rd3 Bc6 18. Nd5 Qd7 19. Nxe7 Bxg2 20. Kxg2 Qxe7 21.
Rcd1 Rbd8 22. Qb6 Ne8 23. Bc5 Rd7 24. Bxd6 Nxd6 25. Rxd6 Rc7 26. Qd4 h6 27. Rd7
Rxd7 28. Qxd7 Re8 29. e4 Kg8 30. Qxe7 Rxe7 31. Rd8+ Kh7 32. Kf3 Kg6 33. Ke3 h5
34. f4 e5 35. f5+ Kg5 36. Kf3 h4 37. g4 Rc7 38. Rd5 Kf6 39. a4 Re7 40. Ke3 Kg5
41. a5 Kf6 42. Rd6+ Kg5 43. Rd8 Rc7 44. Rh8 Rc5 45. Rh5+ Kf6 46. g5+ Ke7 47.
Rxh4 Rxa5 48. Kd3 Ra1 49. Rh7 Rh1 50. c5 Rd1+ 51. Kc3 Rc1+ 52. Kb4 Re1 53. Rxg7
Rxe4+ 54. Kc3 Kf8 55. Rh7 Kg8 56. g6 fxg6 57. fxg6 Re3+ 58. Kc4 Re4+ 59. Kd5 Rb4
60. Kxe5 Rxb3 61. h4 a5 62. h5 a4 63. Rd7 Re3+ 64. Kf6 Rf3+ 65. Kg5 Rf8 66. h6
Rc8 67. h7+ 1-0

[Event "16th Asian Games Team Women"]
[Site "Guangzhou CHN"]
[Date "2010.11.18"]
[Round "1"]
[White "Enkhtuul, Altanulzii"]
[Black "Huang, Qian"]
[Result "0-1"]
[WhiteTitle "WCM"]
[BlackTitle "WGM"]
[WhiteElo "2121"]
[BlackElo "2402"]
[WhiteTeam "MGL"]
[BlackTeam "CHN"]
[WhiteFideId "4901444"]
[BlackFideId "8602689"]
[EventDate "2010.11.18"]

1. b4 Nf6 2. Bb2 g6 3. c4 Bg7 4. e3 d6 5. Nf3 O-O 6. d4 c6 7. Be2 Nbd7 8. O-O
Qc7 9. a4 a5 10. b5 c5 11. Nc3 e6 12. Nd2 b6 13. Bf3 Bb7 14. Bxb7 Qxb7 15. dxc5
Nxc5 16. Nb3 Nxb3 17. Qxb3 Rac8 18. Qd1 Ra8 19. Qb3 Rac8 20. Rac1 Nd7 21. Ba3
Nc5 22. Bxc5 Rxc5 23. Ne2 Rfc8 24. Rfd1 Qc7 25. g3 Be5 26. Qd3 Rxc4 27. Rxc4
Qxc4 28. Qxc4 Rxc4 29. f4 Bb2 30. Rxd6 Rxa4 31. Rxb6 Rb4 32. Kf2 Kg7 33. h3 e5
34. fxe5 Bxe5 35. Kf3 Bb2 36. Nf4 Rb3 37. Nd5 a4 38. Ra6 Rxb5 39. Nc7 Rf5+ 40.
Ke2 a3 41. Ne8+ Kf8 42. Nd6 Rc5 43. Ra7 f5 44. e4 Be5 45. Nf7 Rc7 46. Rxa3 Rxf7
47. exf5 Rxf5 48. Re3 Bd6 49. Rd3 Ke7 0-1

[Event "16th Asian Games Team Women"]
[Site "Guangzhou CHN"]
[Date "2010.11.18"]
[Round "1"]
[White "Tania, Sachdev"]
[Black "Geldyeva, Mekhri"]
[Result "1-0"]
[WhiteTitle "IM"]
[BlackTitle "WGM"]
[WhiteElo "2385"]
[BlackElo "2279"]
[WhiteTeam "IND"]
[BlackTeam "TKM"]
[WhiteFideId "5007844"]
[BlackFideId "14000059"]
[EventDate "2010.11.18"]

1. d4 d5 2. c4 dxc4 3. Nf3 Nf6 4. e3 e6 5. Bxc4 c5 6. O-O a6 7. Bb3 Nbd7 8. e4
Nb6 9. e5 Nfd5 10. Nbd2 Qc7 11. Ne4 c4 12. Bc2 h6 13. Bd2 Bd7 14. Rc1 Bc6 15.
Ba5 Qd7 16. Nfd2 Bb5 17. Re1 Rc8 18. Qg4 Na8 19. Nc5 Qc6 20. a4 b6 21. axb5 axb5
22. Nde4 bxc5 23. dxc5 Bxc5 24. Qxg7 Rf8 25. Bd2 Kd7 26. Bxh6 Be7 27. Nf6+ Kc7
28. Be4 Nab6 29. Nh7 Nd7 30. Nxf8 Bxf8 31. Qg5 Bxh6 32. Qxh6 Nc5 33. Qh7 Qd7 34.
h4 Kb6 35. Rcd1 Na4 36. Bxd5 exd5 37. e6 Qc6 38. exf7 Nxb2 39. Rd2 c3 40. Rde2
Qc5 41. Qh6+ Ka5 42. Re8 1-0

[Event "16th Asian Games Team Women"]
[Site "Guangzhou CHN"]
[Date "2010.11.18"]
[Round "1"]
[White "Hallaeva, Bahar"]
[Black "Karavade, Eesha"]
[Result "1/2-1/2"]
[WhiteTitle "WFM"]
[BlackTitle "IM"]
[WhiteElo "2184"]
[BlackElo "2369"]
[WhiteTeam "TKM"]
[BlackTeam "IND"]
[WhiteFideId "14000679"]
[BlackFideId "5012600"]
[EventDate "2010.11.18"]

1. e4 c5 2. c3 Nf6 3. e5 Nd5 4. d4 cxd4 5. Nf3 e6 6. cxd4 d6 7. Nc3 Nxc3 8. bxc3
Qc7 9. Bd2 Nd7 10. exd6 Bxd6 11. Bd3 b6 12. O-O Bb7 13. h3 O-O 14. Re1 Bf4 15.
Bxf4 Qxf4 16. Ne5 Nxe5 17. Rxe5 Rac8 18. Qc2 g6 19. a4 Rc7 20. a5 Rfc8 21. Ra3
Bd5 22. axb6 axb6 23. Be4 Bxe4 24. Rxe4 Qd6 25. Qb2 Rc4 26. Rb3 R8c6 27. Re3 Qc7
28. g3 Qd6 29. Re1 Qc7 30. Rb1 Rxc3 31. Rxc3 Rxc3 32. Qxb6 Qxb6 33. Rxb6 Rc4 34.
Rb8+ Kg7 35. Rd8 Kf6 36. Rd7 g5 37. g4 Rc3 38. Kg2 Rd3 39. f3 Rd2+ 40. Kg3 Rd3
41. Kf2 h6 42. Ke2 Ra3 43. Kf2 Rd3 44. Ke2 Ra3 45. Kf2 1/2-1/2

[Event "16th Asian Games Team Women"]
[Site "Guangzhou CHN"]
[Date "2010.11.18"]
[Round "1"]
[White "Meenakshi Subbaraman"]
[Black "Ovezova, Maisa"]
[Result "1-0"]
[WhiteTitle "WGM"]
[BlackTitle "WFM"]
[WhiteElo "2328"]
[BlackElo "2087"]
[WhiteTeam "IND"]
[BlackTeam "TKM"]
[WhiteFideId "5004381"]
[BlackFideId "14000393"]
[EventDate "2010.11.18"]

1. d4 e6 2. c4 d5 3. Nc3 Nf6 4. cxd5 exd5 5. Bg5 Be7 6. e3 O-O 7. Bd3 c6 8. Qc2
h6 9. Bh4 Re8 10. Nf3 Ne4 11. Bxe4 Bxh4 12. Bh7+ Kh8 13. Bd3 Bf6 14. O-O Bg4 15.
Nd2 Nd7 16. b4 a6 17. Nb3 Nf8 18. a4 Bh5 19. b5 Bg6 20. bxc6 bxc6 21. Rfc1 Bxd3
22. Qxd3 Ng6 23. a5 Qd7 24. h3 Be7 25. Na4 Qe6 26. Nbc5 Bxc5 27. Nxc5 Qc8 28.
Rab1 Re7 29. Rb6 Rea7 30. Qb3 Ne7 31. Rb1 g5 32. Rb8 Rxb8 33. Qxb8 Qxb8 34.
Rxb8+ Kg7 35. Rb6 Kf6 36. Rxa6 Rxa6 37. Nxa6 Nc8 38. Nc5 Na7 39. Kf1 h5 40. Ke2
Kg6 41. Kd3 f5 42. a6 Kf7 43. Kc3 Ke7 44. Kb4 Nc8 45. Nb7 Kd7 46. Kc5 Kc7 47.
Na5 Na7 48. g3 h4 49. gxh4 gxh4 50. f3 Kd7 51. Kb6 Nc8+ 52. Kb7 Nd6+ 53. Kb8 Nb5
54. f4 Kd6 55. a7 Nxa7 56. Kxa7 1-0

[Event "16th Asian Games Team Women"]
[Site "Guangzhou CHN"]
[Date "2010.11.18"]
[Round "1"]
[White "Nguyen, Thi Thanh An"]
[Black "Safar, Reem"]
[Result "1-0"]
[WhiteTitle "WGM"]
[BlackTitle "WFM"]
[WhiteElo "2300"]
[BlackElo "1734"]
[WhiteTeam "VIE"]
[BlackTeam "QAT"]
[WhiteFideId "12400300"]
[BlackFideId "12100269"]
[EventDate "2010.11.18"]

1. d4 f5 2. g3 Nf6 3. Bg2 g6 4. c3 Bg7 5. Nd2 O-O 6. Qb3+ d5 7. Nh3 Kh8 8. Nf4
c6 9. Nf3 Qd6 10. h4 Ne4 11. Nd3 Qd8 12. h5 Qe8 13. hxg6 Qxg6 14. Nf4 Qf7 15.
Nh5 Bf6 16. Nxf6 Nxf6 17. Bf4 Nbd7 18. O-O-O Ne4 19. Ne5 Nxe5 20. Bxe5+ Kg8 21.
Rdf1 b6 22. Bf3 Nf6 23. Rh6 Bd7 24. Rfh1 Ng4 25. Bxg4 fxg4 26. Qc2 Bf5 27. Qd2
Bg6 28. Qg5 Qf5 29. Qxf5 Rxf5 30. Rxg6+ 1-0

[Event "16th Asian Games Team Women"]
[Site "Guangzhou CHN"]
[Date "2010.11.18"]
[Round "1"]
[White "Al-khelaifi, Aisha"]
[Black "Nguyen, Thi Mai Hung"]
[Result "0-1"]
[BlackTitle "WIM"]
[WhiteElo "1640"]
[BlackElo "2253"]
[WhiteTeam "QAT"]
[BlackTeam "VIE"]
[WhiteFideId "12100625"]
[BlackFideId "12401676"]
[EventDate "2010.11.18"]

1. e4 c5 2. Nf3 Nc6 3. Bb5 g6 4. O-O Bg7 5. Re1 e6 6. c3 Nge7 7. d4 cxd4 8. cxd4
d5 9. Nc3 dxe4 10. Nxe4 O-O 11. Bxc6 Nxc6 12. Be3 b6 13. Qd2 Bb7 14. Bh6 Nxd4
15. Nxd4 Bxh6 16. Qxh6 Qxd4 17. Ng5 Qg7 18. Qh4 Rfd8 19. Qb4 Qd4 20. Qxd4 Rxd4
21. Rac1 Rg4 22. Nxf7 Rxg2+ 23. Kf1 Rf8 24. Rc7 Rxf7 0-1

[Event "16th Asian Games Team Women"]
[Site "Guangzhou CHN"]
[Date "2010.11.18"]
[Round "1"]
[White "Nguyen, Thi Tuong Van"]
[Black "Al-Khelaifi, Kholoud"]
[Result "1/2-1/2"]
[WhiteTitle "WIM"]
[WhiteElo "2214"]
[BlackElo "1493"]
[WhiteTeam "VIE"]
[BlackTeam "QAT"]
[WhiteFideId "12400270"]
[BlackFideId "12100145"]
[EventDate "2010.11.18"]

1. e4 e5 2. Nf3 Nc6 3. d4 exd4 4. Nxd4 Bc5 5. Nxc6 Qf6 6. Qd2 Qxc6 7. Nc3 Nf6 8.
Bd3 O-O 9. O-O Bb4 10. e5 Ng4 11. Qf4 Bxc3 12. Qxg4 Bxe5 13. Qf5 Re8 14. Qxh7+
Kf8 15. Qh8+ Ke7 16. Bg5+ f6 17. Qxg7+ Kd8 18. Bh4 Bxb2 19. Rae1 Be5 20. Rxe5
Rxe5 21. Bxf6+ Ke8 22. Bg6# 1/2-1/2

[Event "16th Asian Games Team Women"]
[Site "Guangzhou CHN"]
[Date "2010.11.18"]
[Round "1"]
[White "Pourkashiyan, Atousa"]
[Black "Al-Jelda, Fatma"]
[Result "1-0"]
[WhiteTitle "WGM"]
[WhiteElo "2367"]
[BlackElo "1836"]
[WhiteTeam "IRI"]
[BlackTeam "SYR"]
[WhiteFideId "12502014"]
[BlackFideId "7600291"]
[EventDate "2010.11.18"]

1. e4 e6 2. d4 d5 3. Nd2 dxe4 4. Nxe4 Bd7 5. Nf3 Bc6 6. Bd3 Be7 7. O-O Nf6 8.
Ng3 O-O 9. c3 Nbd7 10. Re1 Bxf3 11. Qxf3 c6 12. Bf4 Nd5 13. Be5 Nxe5 14. dxe5
Qb6 15. Re2 Rad8 16. Rae1 g6 17. Bb1 a5 18. Ne4 Rd7 19. Qg3 Qd8 20. Qg4 Kh8 21.
g3 Nc7 22. h4 h5 23. Qf3 Ne8 24. Kg2 Ng7 25. Qf4 Nf5 26. Bc2 Kg7 27. f3 Rh8 28.
Nf2 Nh6 29. Nh3 Nf5 30. Qe4 Rh7 31. Nf2 Rh8 32. Qf4 Nh6 33. Rd1 Rxd1 34. Nxd1
Qb6 35. Bb1 Rd8 36. Nf2 Rd7 37. Rd2 Qd8 38. Rxd7 Qxd7 39. Be4 Bc5 40. Nd3 Be7
41. Qe3 Qd8 42. Kf1 Qc7 43. Ke2 Qd8 44. Nf4 Qc7 45. Bxg6 Qb8 46. Bd3 1-0

[Event "16th Asian Games Team Women"]
[Site "Guangzhou CHN"]
[Date "2010.11.18"]
[Round "1"]
[White "You, Garam"]
[Black "Muminova, Nafisa"]
[Result "0-1"]
[BlackTitle "WIM"]
[WhiteElo "1425"]
[BlackElo "2360"]
[WhiteTeam "KOR"]
[BlackTeam "UZB"]
[WhiteFideId "13200208"]
[BlackFideId "14201526"]
[EventDate "2010.11.18"]

1. d4 Nf6 2. c4 e6 3. Nc3 c5 4. e3 d5 5. Nf3 Nc6 6. cxd5 exd5 7. Bd3 Bg4 8. O-O
c4 9. Be2 Bd6 10. a3 O-O 11. Qc2 a6 12. h3 Bh5 13. Nh4 Bxe2 14. Qxe2 Re8 15. Nf5
Bc7 16. Qc2 b5 17. f3 Rb8 18. Rd1 Ne7 19. e4 dxe4 20. fxe4 Nxf5 21. exf5 Qd6 22.
g4 h6 23. Qf2 Ne4 24. Nxe4 Rxe4 25. f6 Rbe8 0-1

[Event "16th Asian Games Team Women"]
[Site "Guangzhou CHN"]
[Date "2010.11.18"]
[Round "1"]
[White "Sabirova, Olga"]
[Black "Lim, Hakyung"]
[Result "1-0"]
[WhiteTitle "WIM"]
[WhiteElo "2205"]
[BlackElo "1570"]
[WhiteTeam "UZB"]
[BlackTeam "KOR"]
[WhiteFideId "14200201"]
[BlackFideId "13200615"]
[EventDate "2010.11.18"]

1. e4 c5 2. Nc3 Nc6 3. Bb5 g6 4. Bxc6 bxc6 5. d3 Bg7 6. Nge2 d5 7. O-O Nf6 8.
Rb1 O-O 9. b3 Bg4 10. f3 Be6 11. Na4 c4 12. bxc4 dxc4 13. d4 Nd7 14. Be3 Nb6 15.
Nc5 Qc8 16. Nf4 Bd7 17. a4 Be8 18. Qe2 Qd8 19. Rfd1 e6 20. a5 Nd7 21. Nb7 Qc7
22. Qxc4 Bh6 23. g3 e5 24. Nd5 Bxe3+ 25. Nxe3 exd4 26. Qxd4 Ne5 27. Kg2 a6 28.
f4 Nd7 29. Nd6 c5 30. Qc3 Nb8 31. Ng4 1-0

[Event "16th Asian Games Team Women"]
[Site "Guangzhou CHN"]
[Date "2010.11.18"]
[Round "1"]
[White "Kim, Taegyeong"]
[Black "Hamrakulova, Yulduz"]
[Result "0-1"]
[BlackTitle "WIM"]
[WhiteElo "1515"]
[BlackElo "2180"]
[WhiteTeam "KOR"]
[BlackTeam "UZB"]
[WhiteFideId "13200976"]
[BlackFideId "14201151"]
[EventDate "2010.11.18"]

1. d4 Nf6 2. c4 e6 3. Nc3 Bb4 4. Qc2 d5 5. a3 Bxc3+ 6. Qxc3 Ne4 7. Qc2 c5 8. e3
cxd4 9. exd4 Nc6 10. Nf3 Qa5+ 11. Bd2 Nxd2 12. Qxd2 dxc4 13. Bxc4 O-O 14. b4 Qf5
15. O-O b6 16. Rac1 Bb7 17. Qe3 Rac8 18. Rfd1 Rfd8 19. Qe2 Ne7 20. Ne5 Nd5 21.
Qg4 Qxg4 22. Nxg4 Nf4 23. Ne3 Rd6 24. Rd2 b5 25. f3 bxc4 26. Rxc4 Rxc4 27. Nxc4
Rxd4 28. Rc2 h5 29. Na5 Ba6 30. Nc6 Rd1+ 31. Kf2 Ra1 32. Ne7+ Kh7 33. Rc7 Ra2+
34. Kg3 g5 35. h4 Rxg2# 0-1

[Event "16th Asian Games Team Women"]
[Site "Guangzhou CHN"]
[Date "2010.11.18"]
[Round "1"]
[White "Nodirjanova, Nodira"]
[Black "Kim, Hyoyoung"]
[Result "1-0"]
[WhiteElo "2149"]
[BlackElo "1355"]
[WhiteTeam "UZB"]
[BlackTeam "KOR"]
[WhiteFideId "14201232"]
[BlackFideId "13200585"]
[EventDate "2010.11.18"]

1. d4 d5 2. c4 e6 3. Nc3 Be7 4. Nf3 Nf6 5. Bg5 h6 6. Bh4 c6 7. e3 Nbd7 8. Qc2
Qc7 9. cxd5 cxd5 10. Bd3 a6 11. O-O b5 12. Rac1 Bb7 13. Bxf6 Nxf6 14. Nxd5 Qxc2
15. Nxf6+ Bxf6 16. Rxc2 O-O 17. Rfc1 Rfd8 18. Rc7 Bd5 19. b3 Re8 20. e4 Rad8 21.
exd5 Rxd5 22. Be4 Rd6 23. R7c6 Be7 24. Rxd6 Bxd6 25. Rc6 f5 26. Bxf5 exf5 27.
Rxd6 Rc8 28. g3 Rf8 29. Rxa6 f4 30. Kg2 fxg3 31. hxg3 Kh7 32. d5 Rd8 33. d6 Kg8
34. Ne5 Kf8 35. d7 b4 36. Ra7 1-0

[Event "16th Asian Games Team Women"]
[Site "Guangzhou CHN"]
[Date "2010.11.18"]
[Round "1"]
[White "Hamid, Rani"]
[Black "Tamara, Khateeb"]
[Result "1-0"]
[WhiteTitle "WIM"]
[WhiteElo "1965"]
[BlackElo "1890"]
[WhiteTeam "BAN"]
[BlackTeam "JOR"]
[WhiteFideId "10200096"]
[BlackFideId "8103674"]
[EventDate "2010.11.18"]

1. e4 c5 2. Nf3 d6 3. d4 cxd4 4. Nxd4 Nf6 5. Nc3 g6 6. Be2 Bg7 7. Be3 Nc6 8. O-O
O-O 9. Kh1 Nxd4 10. Bxd4 b6 11. f4 Bb7 12. Bf3 Qc8 13. e5 dxe5 14. fxe5 Bxf3 15.
Qxf3 Ng4 16. Nd5 Qd7 17. Rad1 Rad8 18. Bc3 Qe6 19. Nxe7+ Qxe7 20. Qxg4 Bxe5 21.
Rde1 f6 22. Bb4 Qc7 23. Bxf8 Kxf8 24. Qe6 Kg7 25. c3 Rd6 26. Qh3 Rd5 27. Rd1 Qc4
28. b3 Qe2 29. Rde1 Qd2 30. Qf3 Rd3 31. Qb7+ Rd7 32. Qf3 Rd3 33. Qa8 Qg5 34.
Qxa7+ Kh6 35. Qa8 Qh4 36. Rxe5 fxe5 37. Qf8+ Kh5 38. Qg7 Rd2 39. Qxh7+ Kg5 40.
Qe7+ Kh5 41. Qxe5+ Kh6 42. Qe3+ Qg5 43. Qxg5+ Kxg5 44. a4 Rb2 45. b4 Rb3 46. Ra1
Rxc3 47. a5 bxa5 48. bxa5 Rc8 49. a6 Ra8 50. a7 Kf6 51. Kg1 Ke6 52. Kf2 Kd7 53.
Kf3 Kc7 54. Kg4 Kb7 55. Kg5 Kb6 56. g4 Kb7 57. h4 Rc8 58. a8=Q+ Rxa8 59. Rxa8
Kxa8 60. Kxg6 1-0

[Event "16th Asian Games Team Women"]
[Site "Guangzhou CHN"]
[Date "2010.11.18"]
[Round "1"]
[White "Boshra, Alshaeby"]
[Black "Khan, Nazrana"]
[Result "0-1"]
[WhiteElo "1807"]
[BlackElo "2003"]
[WhiteTeam "JOR"]
[BlackTeam "BAN"]
[WhiteFideId "8102937"]
[BlackFideId "10201734"]
[EventDate "2010.11.18"]

1. d4 Nf6 2. c4 e6 3. a3 d5 4. Nf3 c6 5. Nbd2 Nbd7 6. e3 Bd6 7. Bd3 O-O 8. O-O
Re8 9. e4 dxe4 10. Nxe4 Nxe4 11. Bxe4 Nf6 12. Bc2 h6 13. b4 a5 14. c5 Bf8 15.
Rb1 Nd5 16. Qd3 f5 17. Ne5 Qc7 18. h4 axb4 19. axb4 b6 20. Qg3 bxc5 21. bxc5 Ba6
22. Re1 Reb8 23. Bxh6 Rxb1 24. Rxb1 Bc8 25. Bg5 Be7 26. Bxe7 Nxe7 27. h5 Nd5 28.
Qg6 Nf4 29. Qe8+ Kh7 30. Qxc6 Qxc6 31. Nxc6 Bd7 32. Ne5 Ne2+ 33. Kh2 Nxd4 34.
Bxf5+ exf5 35. Nxd7 Rd8 36. Rb7 Rc8 37. Rb6 Nc6 38. f3 Kg8 39. Rb7 Kh7 40. Nb6
Rb8 41. Rc7 Nd4 42. Nd7 Rb2 43. Kh3 Rc2 44. Ne5 Ne6 45. Rc6 Nf4+ 46. Kg3 Nxh5+
47. Kh4 Nf6 48. Kh3 Re2 49. Nf7 Rc2 50. Rc8 Kg6 51. Nd8 Nd5 52. Nb7 Kg5 53. g3
Kf6 54. Nd6 Nb4 55. Rb8 Nd5 56. Nb7 Nc7 57. Rc8 Ne6 58. Re8 Ng5+ 59. Kh4 Rh2# 0-1

[Event "16th Asian Games Team Women"]
[Site "Guangzhou CHN"]
[Date "2010.11.19"]
[Round "2"]
[White "Hou, Yifan"]
[Black "Pourkashiyan, Atousa"]
[Result "1-0"]
[WhiteTitle "GM"]
[BlackTitle "WGM"]
[WhiteElo "2591"]
[BlackElo "2367"]
[WhiteTeam "CHN"]
[BlackTeam "IRI"]
[WhiteFideId "8602980"]
[BlackFideId "12502014"]
[EventDate "2010.11.18"]

1. e4 e5 2. Bc4 Nf6 3. d3 Nc6 4. Nf3 Bc5 5. c3 a6 6. Bb3 h6 7. Nbd2 Ba7 8. h3
O-O 9. O-O d6 10. Re1 Re8 11. Nf1 Be6 12. Ng3 d5 13. Qe2 Qd7 14. Bc2 Rad8 15.
Nh2 Bc5 16. Qf3 Be7 17. Nh5 Nxh5 18. Qxh5 Bf8 19. Ng4 Qd6 20. Re3 Bxg4 21. hxg4
dxe4 22. dxe4 Qg6 23. Qh3 Be7 24. Rf3 Bg5 25. Bb3 Rd7 26. Bxg5 Qxg5 27. Rf5 Qg6
28. g5 hxg5 29. Qg4 Red8 30. Rxg5 Qf6 31. Rg6 Rd1+ 32. Rxd1 Rxd1+ 33. Kh2 Qf4+
34. Qxf4 exf4 35. Rxc6 Rd7 36. Rc5 g6 37. Rd5 1-0

[Event "16th Asian Games Team Women"]
[Site "Guangzhou CHN"]
[Date "2010.11.19"]
[Round "2"]
[White "Paridar, Shadi"]
[Black "Ju, Wenjun"]
[Result "1/2-1/2"]
[WhiteTitle "WGM"]
[BlackTitle "WGM"]
[WhiteElo "2253"]
[BlackElo "2524"]
[WhiteTeam "IRI"]
[BlackTeam "CHN"]
[WhiteFideId "12500666"]
[BlackFideId "8603006"]
[EventDate "2010.11.18"]

1. e4 c5 2. c3 Nf6 3. e5 Nd5 4. d4 cxd4 5. Nf3 Nc6 6. cxd4 d6 7. Bc4 Nb6 8. Bb5
e6 9. Nc3 Be7 10. O-O O-O 11. Qe2 Bd7 12. Bd3 Nb4 13. exd6 Bxd6 14. Bxh7+ Kxh7
15. Ng5+ Kg6 16. Nce4 Qc7 17. Nxd6 Qxd6 18. Ne4 Qd5 19. Qg4+ Kh7 20. Nf6+ gxf6
21. Qh4+ Kg7 22. Qg3+ Kh7 23. Qh4+ Kg7 24. Qg3+ Kh7 1/2-1/2

[Event "16th Asian Games Team Women"]
[Site "Guangzhou CHN"]
[Date "2010.11.19"]
[Round "2"]
[White "Huang, Qian"]
[Black "Hejazipour, Mitra"]
[Result "1-0"]
[WhiteTitle "WGM"]
[BlackTitle "WFM"]
[WhiteElo "2402"]
[BlackElo "2268"]
[WhiteTeam "CHN"]
[BlackTeam "IRI"]
[WhiteFideId "8602689"]
[BlackFideId "12505951"]
[EventDate "2010.11.18"]

1. c4 Nf6 2. Nc3 e6 3. e4 c5 4. e5 Ng8 5. d4 cxd4 6. Qxd4 Nc6 7. Qe4 d6 8. Nf3
dxe5 9. Nxe5 Nf6 10. Nxc6 Qb6 11. Qf4 bxc6 12. Be2 Be7 13. O-O O-O 14. Na4 Qa5
15. b3 e5 16. Qe3 Bf5 17. Bb2 e4 18. Qf4 Bg6 19. Rad1 Qf5 20. Qxf5 Bxf5 21. Bd4
Nd7 22. f4 Nb6 23. Nc5 Rfd8 24. Be3 Bxc5 25. Bxc5 Nd7 26. Be3 Nf6 27. h3 h5 28.
Kf2 Be6 29. Bd4 h4 30. Ke3 Bf5 31. Bxf6 gxf6 32. Bg4 Be6 33. f5 Bd7 34. Rd6 Be8
35. Rfd1 Rxd6 36. Rxd6 Kg7 37. Kxe4 a5 38. Kd4 1-0

[Event "16th Asian Games Team Women"]
[Site "Guangzhou CHN"]
[Date "2010.11.19"]
[Round "2"]
[White "Hakimifard, Ghazal"]
[Black "Wang, Yu A."]
[Result "1/2-1/2"]
[WhiteTitle "WFM"]
[BlackTitle "IM"]
[WhiteElo "2189"]
[BlackElo "2403"]
[WhiteTeam "IRI"]
[BlackTeam "CHN"]
[WhiteFideId "12506540"]
[BlackFideId "8601097"]
[EventDate "2010.11.18"]

1. e4 e5 2. Nf3 Nc6 3. Bb5 a6 4. Ba4 Nf6 5. d3 b5 6. Bb3 Be7 7. O-O d6 8. a3 O-O
9. Nbd2 Na5 10. Ba2 c5 11. Re1 Nc6 12. Nf1 Be6 13. Bxe6 fxe6 14. Ng3 Qd7 15. h3
Bd8 16. Be3 Bb6 17. Nh2 Rae8 18. Ng4 Nxg4 19. hxg4 d5 20. a4 b4 21. f3 Qa7 22.
Kh2 a5 23. Qd2 Ne7 24. c4 d4 25. Bf2 Ng6 26. Nh5 Bd8 27. Rh1 h6 28. Kg1 Bg5 29.
Qe2 Qe7 30. Qe1 Rf7 31. b3 Ref8 32. Kf1 Nf4 1/2-1/2

[Event "16th Asian Games Team Women"]
[Site "Guangzhou CHN"]
[Date "2010.11.19"]
[Round "2"]
[White "Muminova, Nafisa"]
[Black "Harika, Dronavalli"]
[Result "1/2-1/2"]
[WhiteTitle "WIM"]
[BlackTitle "IM"]
[WhiteElo "2360"]
[BlackElo "2525"]
[WhiteTeam "UZB"]
[BlackTeam "IND"]
[WhiteFideId "14201526"]
[BlackFideId "5015197"]
[EventDate "2010.11.18"]

1. e4 e5 2. Nf3 Nc6 3. Bb5 Nf6 4. O-O Nxe4 5. Re1 Nd6 6. Nxe5 Be7 7. Bf1 Nf5 8.
Nf3 O-O 9. d4 d5 10. c3 Bd6 11. Nbd2 Nce7 12. Bd3 Ng6 13. Qc2 Qf6 14. Nf1 h6 15.
Bd2 Bd7 16. Qb3 Nfh4 17. Nxh4 Nxh4 18. Ng3 Rab8 19. Qd1 Rfe8 20. Nh5 Rxe1+ 21.
Qxe1 Qe7 22. Qxe7 Bxe7 23. Bf4 Bd8 24. Be5 f6 25. Bg3 Nf5 26. Bxf5 Bxf5 27. Nf4
Rc8 28. Nxd5 c6 29. Ne3 Be6 30. b3 Be7 31. Rd1 b5 32. h3 Kf7 33. c4 bxc4 34.
bxc4 Bb4 35. Rd3 Rd8 36. Rb3 a5 37. Rd3 a4 38. d5 cxd5 39. cxd5 Bd7 40. Rd1 Bc5
41. Rb1 Bxe3 42. fxe3 Bf5 43. Rb7+ Rd7 44. Rxd7+ Bxd7 45. e4 Bb5 46. Kf2 f5 47.
exf5 Bd3 48. a3 Bxf5 49. Be5 h5 50. Kf3 g6 51. Kf4 Ke8 52. h4 Kd7 53. g3 Bc2 1/2-1/2

[Event "16th Asian Games Team Women"]
[Site "Guangzhou CHN"]
[Date "2010.11.19"]
[Round "2"]
[White "Karavade, Eesha"]
[Black "Sabirova, Olga"]
[Result "1/2-1/2"]
[WhiteTitle "IM"]
[BlackTitle "WIM"]
[WhiteElo "2369"]
[BlackElo "2205"]
[WhiteTeam "IND"]
[BlackTeam "UZB"]
[WhiteFideId "5012600"]
[BlackFideId "14200201"]
[EventDate "2010.11.18"]

1. d4 f5 2. g3 g6 3. Bg2 Nf6 4. Nf3 Bg7 5. O-O O-O 6. b3 d6 7. Bb2 Na6 8. c4 c6
9. Nc3 Qe8 10. Qd2 e5 11. dxe5 dxe5 12. e4 f4 13. Ba3 Rf7 14. Rad1 Nh5 15. Ng5
Rd7 16. Qc2 h6 17. Nf3 g5 18. Rxd7 Bxd7 19. Rd1 Bf6 20. Bd6 Rd8 21. c5 Bg4 22.
h3 Bxf3 23. Bxf3 Ng7 24. Qe2 Qf7 25. Kh2 Nc7 26. gxf4 gxf4 27. Rg1 Kh8 28. Qc4
Qxc4 29. bxc4 Nce8 30. Rd1 Nxd6 31. Rxd6 Rxd6 32. cxd6 Ne6 33. Na4 b6 34. Bg4
Nd4 35. c5 b5 36. Nb6 Kg7 37. Kg2 a5 38. Kf1 a4 39. Ke1 Kf7 40. Bh5+ Ke6 41.
Bg4+ Kf7 42. Bh5+ Ke6 43. Kd2 Bd8 44. Bg4+ Kf7 45. Bh5+ Ke6 46. Bg4+ Kf7 47.
Bh5+ Ke6 48. Bg4+ 1/2-1/2